| 000 | 00956cam a22002897a 4500 | ||
|---|---|---|---|
| 999 |
_c332187 _d332187 |
||
| 001 | 15614283 | ||
| 003 | NUST | ||
| 005 | 20171117100811.0 | ||
| 008 | 090206s2008 pk 000 0 urd | ||
| 010 | _a 2009355200 | ||
| 020 | _a9780195476613 | ||
| 025 | _aP-U-2009355200; 10; 11 | ||
| 040 |
_aDLC _cDLC |
||
| 042 | _alcode | ||
| 050 | 0 | 0 | _aMLCSA 2009/01042 (P) |
| 082 | _a891.439 NAZ | ||
| 100 | 0 |
_aNaẓir Akbarabadi, _d1740-1830. _96482 |
|
| 240 | 1 | 0 |
_aPoems. _kSelections |
| 245 | 1 | 0 |
_aIntikhab-i kalam-i Naẓir Akbarabadi / _ctartib va taʻaruf, Muḥammad Raz̤a Kāẓimī. |
| 246 | 3 | 0 | _aNaẓīr Akbar Ābādī |
| 250 | _a1. Ishāʻat. | ||
| 260 |
_aKarachi : _bOxford University Press, _c2008. |
||
| 300 |
_a63, [1] p. ; _c19 cm. |
||
| 490 | 0 | _aUrdū virs̲ah | |
| 500 | _aP.B | ||
| 546 | _aIn Urdu. | ||
| 906 |
_a7 _bcbc _corigode _d4 _encip _f20 _gy-gencatlg |
||
| 942 |
_2ddc _cBK _kIESE |
||